000
00300nam a22001337a 4500
020
_a
9813045078
082
_a
664
_b
JAY/MO
100
_a
Jay,James.M
_9
429
245
_a
Modern Food Microbiology
250
_a
6
260
_a
Singapore
_b
APAC Publishers services
_c
2000
300
_a
679
942
_c
REF
999
_c
14312
_d
14312